Welcome to the Holygrace Academy Library

Please use search bar below to get started

ISLAND (Record no. 5639)

MARC details
000 -LEADER
fixed length control field 00260nam a22001217a 4500
020 ## - INTERNATIONAL STANDARD BOOK NUMBER
ISBN 978-1-444-9317-6
082 ## - DEWEY DECIMAL CLASSIFICATION NUMBER
Classification number 823
Item number ALM/I
100 ## - MAIN ENTRY--AUTHOR NAME
Personal name ALMOND, DAVID
245 ## - TITLE STATEMENT
Title ISLAND
260 ## - PUBLICATION, DISTRIBUTION, ETC. (IMPRINT)
Place of publication BRITAIN
Name of publisher HODDER CHILDREN'S BOOKS
Year of publication 2017
300 ## - PHYSICAL DESCRIPTION
Number of Pages 118
942 ## - ADDED ENTRY ELEMENTS (KOHA)
Koha item type Books
Holdings
Withdrawn status Lost status Collection code Home library Current library Shelving location Date acquired Source of acquisition Full call number Accession Number Koha item type
    Fiction Main Library Main Library SHELF 15-I-CHILDREN'S STORYBOOKS 29/10/2017 Purchase 823 ALM/I 11847 Books